Inflación y desarrollo económico (Registro nro. 6776)
[ vista simple ]
| 000 -LEADER | |
|---|---|
| fixed length control field | 00988 a2200193 4500 |
| 001 - CONTROL NUMBER | |
| control field | 59656 |
| 005 - DATE AND TIME OF LATEST TRANSACTION | |
| control field | 20260407155850.0 |
| 008 - FIXED-LENGTH DATA ELEMENTS--GENERAL INFORMATION | |
| fixed length control field | 260407a1956 arg spa d |
| 003 - CONTROL NUMBER IDENTIFIER | |
| control field | AR-UNSa-BCEJYS |
| 040 ## - CATALOGING SOURCE | |
| Original cataloging agency | AR-UNSa-BCEJYS |
| Language of cataloging | spa |
| Transcribing agency | AR-UNSa-BCEJYS |
| 080 ## - UNIVERSAL DECIMAL CLASSIFICATION NUMBER | |
| Universal Decimal Classification number | 330.34 |
| Common auxiliary subdivision | Desarrollo Económico |
| 100 1# - MAIN ENTRY--PERSONAL NAME | |
| Personal name | Prado Arrarte, Jesús |
| 245 10 - TITLE STATEMENT | |
| Title | Inflación y desarrollo económico |
| Name of part/section of a work | deducciones de un estudio sobre los balances de las sociedades anónimas de chile |
| 264 #1 - PRODUCTION, PUBLICATION, DISTRIBUTION, MANUFACTURE, AND COPYRIGHT NOTICE | |
| Place of production, publication, distribution, manufacture | Madrid : |
| Name of producer, publisher, distributor, manufacturer | Aguilar |
| Date of production, publication, distribution, manufacture, or copyright notice | 1956 |
| 300 ## - PHYSICAL DESCRIPTION | |
| Extent | 196 p. |
| Dimensions | 21 cm. |
| 505 ## - FORMATTED CONTENTS NOTE | |
| Formatted contents note | Primera Partes: Algunos principios de la doctrina económica examinados a la luz de los balances patrimoniales - Segunda Parte: 1. Introducción - 2. El problema de la descapitalización de las sociedades anónimas - 3. El crecimiento de las empresas a valores reales - 4. Financiación de las empresas - 5. El problema de la liquidez - 6. Las utilidades de las sociedades anónimas |
| 590 ## - LOCAL NOTE (RLIN) | |
| Local note | niveau_biblio:m niveau_hierar:0 |
| 942 ## - ADDED ENTRY ELEMENTS (KOHA) | |
| Koha item type | |
| Withdrawn status | Lost status | Damaged status | Not for loan | Home library | Current library | Shelving location | Date acquired | Total checkouts | Full call number | Barcode | Date last seen | Price effective from | Koha item type |
|---|---|---|---|---|---|---|---|---|---|---|---|---|---|
| Biblioteca Prof. Eusebio Cleto del Rey | Biblioteca Prof. Eusebio Cleto del Rey | 07/04/2026 | 330.34 P896 | L20307 | 07/04/2026 | 07/04/2026 | Libro |